Bardachd a' bhocsair : (Record no. 81)
[ view plain ]
| 000 -LEADER | |
|---|---|
| fixed length control field | 00600cam a2200193Ka 4500 |
| 001 - CONTROL NUMBER | |
| control field | 524789 |
| 005 - DATE AND TIME OF LATEST TRANSACTION | |
| control field | 20200421093818.0 |
| 008 - FIXED-LENGTH DATA ELEMENTS--GENERAL INFORMATION | |
| fixed length control field | 980414s1978 stk 000 0 gae d |
| 020 ## - INTERNATIONAL STANDARD BOOK NUMBER | |
| International Standard Book Number | 0904265226 |
| 041 0# - LANGUAGE CODE | |
| Language code of text/sound track or separate title | gaeeng |
| 100 1# - MAIN ENTRY--PERSONAL NAME | |
| Personal name | Caimbeul, Aonghas Phàdraig. |
| 9 (RLIN) | 721 |
| 245 10 - TITLE STATEMENT | |
| Title | Bardachd a' bhocsair : |
| Remainder of title | Aonghas Caimbeul, 1908-1949, Mac Alasdair Mhurchaidh Oig a Suaineabost, Nis, Leódhas. |
| 260 ## - PUBLICATION, DISTRIBUTION, ETC. | |
| Place of publication, distribution, etc. | Loanhead : |
| Name of publisher, distributor, etc. | C. Macdhomnaill, |
| Date of publication, distribution, etc. | 1978. |
| 300 ## - PHYSICAL DESCRIPTION | |
| Extent | 135 p. ; |
| Dimensions | 22 cm. |
| 500 ## - GENERAL NOTE | |
| General note | 2 poems in English in appendix, the rest in Gaelic. |
| 942 ## - ADDED ENTRY ELEMENTS (KOHA) | |
| Source of classification or shelving scheme | Dewey Decimal Classification |
| Koha item type | Books |
| 956 ## - LOCAL ELECTRONIC LOCATION AND ACCESS (OCLC) | |
| Host name | NLS |
| Withdrawn status | Lost status | Damaged status | Not for loan | Collection | Home library | Current library | Shelving location | Date acquired | Barcode | Date last seen | Price effective from | Koha item type |
|---|---|---|---|---|---|---|---|---|---|---|---|---|
| Reference | Fairview | Fairview | General stacks | 09/04/2014 | 39999000003338 | 09/04/2014 | 09/04/2014 | Books |